| 000 | 00386 a2200169 4500 | ||
|---|---|---|---|
| 001 | 74497 | ||
| 020 | _a850105126-8 | ||
| 040 | _cAnchieta - Colégio São Paulo | ||
| 100 | _aGuerra, Guido | ||
| 240 | 1 | 0 |
_aVila Nova da Rainha Doida _lpor |
| 245 | 1 | 0 | _aVila Nova da Rainha Doida |
| 300 | _a188 | ||
| 362 | 0 | _a1998 | |
| 440 | 1 | _aRecord | |
| 650 | 4 | _aFicção brasileira | |
| 942 | _cBK | ||
| 999 |
_c74497 _d74497 |
||